000 00545nam a2200181 4500
001 133040
003 ES-MaACL
005 20230906194318.0
007 t|
008 070214s1973 sp r ||||1| cat d
100 1 _aRosselló i Verger, Vicenç M.
_999846
245 1 3 _aLa banca al pais valenciá /
_cVicenç M. Rosselló i Verger, Emerit Bono Martínez.
250 _a1ª. ed.
260 _aValencia :
_bL'Estel,
_c1973.
300 _a181 p. ;
_c18 cm.
700 1 _aBono Martínez, Emerit.
_930291
852 _aES-MaACL
_jC-55834
_bR.88649
999 _c133040
_d133040